Robotics in service /

Saved in:
Bibliographic Details
Main Author: Engelberger, Joseph F.
Format: Book
Language:English
Published: Cambridge, Mass. : MIT Press, 1989.
Edition:1st MIT Press ed.
Subjects:
LEADER 01017cam a2200301 a 4500
001 c000166983
003 CARM
005 20030714122630.0
008 890501s1989 mauaf b 001 0 eng
010 |a 89008283 
019 1 |a 6467674  |5 LACONCORD2021 
020 |a 0262050420 
035 |a (OCoLC)19724093  |5 LACONCORD2021 
040 |a DLC  |b eng  |c DLC  |d DLC  |d LC 
050 0 0 |a TJ211  |b .E55 1989 
082 0 0 |a 629.8/95  |2 20 
100 1 |a Engelberger, Joseph F. 
245 1 0 |a Robotics in service /  |c Joseph F. Engelberger. 
250 |a 1st MIT Press ed. 
260 |a Cambridge, Mass. :  |b MIT Press,  |c 1989. 
300 |a 248 p., [12] p. of plates :  |b ill. ;  |c 25 cm. 
500 |a Includes index. 
504 |a Bibliography: p. 235-239. 
650 0 |a Robotics. 
650 0 |a Robots. 
852 8 |b CARM  |h A2:AJ12A0  |i B05211  |p 0230739  |f BK 
999 f f |i cf9042ff-df36-520e-9485-4667f4fd5e7b  |s 47339caf-c759-57a6-bef7-bb45b5fd8e52 
952 f f |p Can circulate  |a CAVAL  |b CAVAL  |c CAVAL  |d CARM 1 Store  |e B05211  |f A2:AJ12A0  |h Other scheme  |i book  |m 0230739